000 00545nmm a2200169Ia 4500
008 251105s9999||||xx |||||||||||||||||und||
020 _a8479085509
041 _aspa
100 _aPérez de Chinchón, B.
245 0 _aAntialcorano. Diálogos christianos :
_b Conversión y evangelización de moriscos
264 _a[Madrid, España] :
_bPublicaciones de la Universidad de Alicante,
_c2000
300 _a516 páginas
490 _aHistoria
650 _aReligion(s)
856 _uhttps://public.digitaliapublishing.com/a/553
942 _cCF
999 _c73543
_d73543